000 nam a22 7a 4500
999 _c128491
_d128491
008 181102b xxu||||| |||| 00| 0 eng d
050 _aBS2575.5.T882
100 _aTshikendwa Matadi, Ghislain
_943245
245 _aSeigneur, purifie mon coeur
_bmeditations spirituelles a partir de l'Evangile de Saint Matthieu
_cGhislain Tshikendwa Matadi
260 _aKinshasa
_bMediaspaul
_c2006
300 _a192p. ;
_c21cm.
650 _aBible N.T. Mathew
_xMeditations
_943248
942 _2lcc
_cMONOGRAPH